AFL Brownlow Multiple Time Winners - Statistics

General Stats
  • This quiz has been taken 24 times
  • The average score is 10 of 17
Answer Stats
Team/s Years Won Answer % Correct
West Coast / Carlton 2004, 2010 Chris Judd
100%
Geelong / Gold Coast 2009, 2013 Gary Ablett Jr
100%
Brisbane 2020, 2023 Lachie Neale
100%
Fremantle 2015, 2019 Nat Fyfe
100%
Sydney 2003, 2006 Adam Goodes
94%
Carlton 2022, 2024 Patrick Cripps
94%
St Kilda 1997, 1998 Robert Harvey
71%
South Melbourne 1959, 1963, 1968 Bob Skilton
59%
Sydney / Carlton 1986, 1994 Greg Williams
59%
Essendon 1934, 1937, 1938 Dick Reynolds
47%
Collingwood / Melbourne 1979, 1984 Peter Moore
47%
Fitzroy 1931, 1932,1935 Haydn Bunton Sr
41%
St Kilda / Richmond 1965, 1966, 1971 Ian Stewart
29%
Essendon 1952, 1953 Bill Hutchison
24%
Melbourne 1926, 1928 Ivor Warne-Smith
18%
Richmond 1952, 1954 Roy Wright
18%
North Melbourne 1973, 1974 Keith Greig
12%
No matching quizzes found
Score Distribution
Percent of People with Each Score
Percentile by Number Answered
Your Score History
You have not taken this quiz